Movies by Letter - O - Statistics

General Stats
  • This quiz has been taken 49 times
  • The average score is 12 of 25
Answer Stats
Hint Answer % Correct
Nickname for the Academy Awards Oscars
100%
Name for Willy Wonka's diminutive employees Oompa Loompas
90%
The land where Dorothy and Toto go Oz
90%
The Rat Pack takes on five Las Vegas casinos at once Ocean's 11
88%
Primate species featured in Every Which Way But Loose, Babe: Pig in the City, and Dunston Checks In (besides people, you guys) orangutan
86%
Roger Moore's Bond dresses as a clown and defuses a nuclear bomb Octopussy
81%
First name of de Havilland, Hussey, Wilde, Munn, and Cooke Olivia
81%
Contains Brando's line: "I coulda been a contender. I coulda been somebody, instead of a bum, which is what I am." On the Waterfront
74%
Alboom (2006) was the first film made in this country Oman
69%
1955 musical about a farm girl courted by both a cowboy and a farmhand Oklahoma!
64%
Character played by Orson Welles, Laurence Fishburne, Laurence Olivier, and Anthony Hopkins Othello
62%
Frequently mononymous star of The Color Purple and A Wrinkle in Time who has quite a side hustle going outside of acting Oprah
60%
Star of Henry V, Wuthering Heights, Hamlet, and The Prince and the Showgirl Laurence Olivier
57%
2000 Coen brothers film with a Grammy-winning soundtrack O Brother Where Art Thou?
48%
Ben's real name in a popular 1977 film Obi-Wan
36%
Character played by Jean Simmons, Helena Bonham Carter, Kate Winslet, and Daisy Ridley Ophelia
33%
2003 Park Chan-wook thriller remade by Spike Lee in 2013 Oldboy
29%
Setting of most Kelly Reichardt films, like Wendy and Lucy and Meek's Cutoff Oregon
19%
Disney's star before Mickey Mouse Oswald the Lucky Rabbit
19%
Director of Late Spring, An Autumn Afternoon, I Was Born, But..., and Tokyo Story Yasujiro Ozu
14%
A name for a series of short films by different directors compiled into a single feature omnibus
7%
Voice actor from Ratatouille, BoJack Horseman, Justice League Action, The Secret Life of Pets 2, and M.O.D.O.K. Patton Oswalt
7%
1960s documentary style that attempts to minimize filmmaker interference, like a fly on the wall observational cinema
2%
Production and distribution company behind The Exploding Girl, A Teacher, and Exit through the Gift Shop Oscilloscope
2%
German-born director of Lola Montès, La Ronde, and The Earrings of Madame de... Max Ophüls
0%
No matching quizzes found
Score Distribution
Percent of People with Each Score
Percentile by Number Answered
Your Score History
You have not taken this quiz